Statistiken für Fußball Kontinentalverbände

Klicken Sie hier um das Quiz zu spielen!

Allgemein

  • Dieses Quiz wurde 73 mal gespielt
  • Das Durchschnittsergebnis liegt bei 3 aus 6

Antwortstatistiken

KontinentVerband% Korrekt
EuropaUEFA
100%
Nord- und MittelamerikaCONCACAF
54%
AsienAFC
36%
AfrikaCAF
32%
SüdamerikaCONMEBOL
28%
OzeanienOFC
18%

Verteilung der Resultate

Perzentil nach korrekt beantworteten Fragen

Anzahl Personen mit jedem Resultat

Ihre Resultats-Entwicklung

Sie haben dieses Quiz noch nicht gespielt